[Event "zonal 3.3 (w)"]
[Site "Ho Chi Minh City VIE"]
[Date "2009.07.23"]
[Round "1"]
[White "Nguyen Thi Thanh An"]
[Black "Perena, Catherine"]
[Result "1/2-1/2"]
[WhiteElo "2330"]
[BlackElo "2092"]
[EventDate "2009.07.23"]
[PlyCount "78"]

1.d4 d5 2.c4 c6 3.Nf3 Nf6 4.Qc2 e6 5.Bg5 Be7 6.e3 h6 7.Bh4 Nbd7 8.Nc3 O-O 
9.Bd3 dxc4 10.Bxc4 b5 11.Bd3 a6 12.O-O c5 13.Bxf6 Nxf6 14.dxc5 Bxc5 15.
Rfd1 Qb6 16.a4 b4 17.Ne4 Be7 18.Ne5 Nd5 19.Rac1 f5 20.Nc5 Re8 21.a5 Qd6 
22.Nf3 Ra7 23.Qe2 Rc7 24.Nxa6 Bxa6 25.Bxa6 Ra7 26.Bc4 Rxa5 27.g3 Bf6 28.
Nd4 Rc5 29.Nb3 Rc7 30.Bxd5 exd5 31.Rxc7 Qxc7 32.Nd4 Qd8 33.Qd2 Bxd4 34.
Qxd4 Qd6 35.Rd3 Kf7 36.Rb3 Rb8 37.Qa7+ Kf6 38.Rd3 Rd8 39.Qd4+ Kf7 1/2-1/2

[Event "zonal 3.3 (w)"]
[Site "Ho Chi Minh City VIE"]
[Date "2009.07.23"]
[Round "1"]
[White "Pham Thi Ngoc Tu"]
[Black "Pham Le Thao Nguyen"]
[Result "1/2-1/2"]
[WhiteElo "2089"]
[BlackElo "2314"]
[EventDate "2009.07.23"]
[PlyCount "185"]

1.e4 c5 2.Nf3 d6 3.c3 Nf6 4.h3 g6 5.Bd3 Bg7 6.Bc2 O-O 7.O-O Nc6 8.d4 b6 9.
Be3 Bb7 10.Nbd2 cxd4 11.Nxd4 Rc8 12.f4 Qc7 13.Qe1 Nd7 14.N2f3 Nxd4 15.Nxd4
Nc5 16.Bd2 e5 17.Nb3 d5 18.exd5 Bxd5 19.f5 Bc4 20.Rf2 Nd3 21.Bxd3 Bxd3 22.
f6 Bh8 23.Bg5 Rfe8 24.Qe3 Rcd8 25.Re1 Re6 26.Qg3 Qd6 27.Re3 e4 28.Qh4 Qd5 
29.Qg3 Re5 30.h4 Rf5 31.Rxf5 Qxf5 32.Nd4 Qc5 33.Qf4 Qd6 34.Qf2 h6 35.Rh3 
Re8 36.Bxh6 Qxf6 37.Be3 Qxf2+ 38.Kxf2 Bf6 39.h5 Kg7 40.g4 gxh5 41.Rxh5 Ba6
42.Nc6 Re6 43.Nxa7 Bd8 44.Bd4+ Kf8 45.Ke3 Ke8 46.b3 Rg6 47.Kxe4 Rxg4+ 48.
Kf3 Rg6 49.Nb5 Bb7+ 50.Ke2 Kd7 51.a4 Rg2+ 52.Kd3 Rb2 53.Rf5 Ke6 54.Re5+ 
Kd7 55.Kc4 Bf3 56.Rf5 Be2+ 57.Kd5 f6 58.b4 Bg4 59.Rf1 Be6+ 60.Ke4 f5+ 61.
Kd3 Ra2 62.Be5 Bg5 63.Bf4 Bf6 64.Rh1 Bg8 65.Rh6 Ke7 66.Nd4 Bxd4 67.Kxd4 
Rxa4 68.Rxb6 Ra2 69.Ke5 Rc2 70.Rb7+ Ke8 71.Rc7 Kd8 72.Kxf5 Rf2 73.Ra7 Bc4 
74.Ke5 Rf3 75.Bg5+ Kc8 76.Kd4 Bf1 77.Be3 Rh3 78.Rf7 Be2 79.Re7 Bf1 80.Re4 
Rh2 81.c4 Rc2 82.Kc5 Rc3 83.Bf4 Bg2 84.Rd4 Rh3 85.Kb6 Rh7 86.b5 Bf1 87.Kc5
Rh5+ 88.Kb4 Be2 89.b6 Rh1 90.c5 Rb1+ 91.Kc3 Bf3 92.Rb4 Rxb4 93.Kxb4 
1/2-1/2

[Event "zonal 3.3 (w)"]
[Site "Ho Chi Minh City VIE"]
[Date "2009.07.23"]
[Round "1"]
[White "Kharisma Sukandar, Irine"]
[Black "Rivera, Daisy"]
[Result "1-0"]
[WhiteElo "2311"]
[BlackElo "2087"]
[EventDate "2009.07.23"]
[PlyCount "127"]

1.e4 c5 2.Nf3 a6 3.d4 cxd4 4.Nxd4 d6 5.c4 Nf6 6.Nc3 b6 7.Be2 Bb7 8.f3 e6 
9.Be3 Nbd7 10.O-O Be7 11.Qd2 Rc8 12.Rac1 O-O 13.Rfd1 Re8 14.Bf1 Qc7 15.Kh1
Qb8 16.a3 Bd8 17.Qf2 Bc7 18.Nde2 Qa8 19.Nf4 Bc6 20.b4 Qb8 21.Nfe2 Qa8 22.
Nd4 Bb7 23.Qh4 d5 24.exd5 exd5 25.Nf5 Re5 26.Bd3 g6 27.Bg5 Bd8 28.Nd6 Rc6 
29.Nxb7 Qxb7 30.f4 Re3 31.Nxd5 Nxd5 32.Bxd8 N5f6 33.Bf1 Rce6 34.a4 Qc8 35.
Bxf6 Nxf6 36.c5 bxc5 37.Rxc5 Qe8 38.f5 Rb6 39.fxg6 hxg6 40.b5 Re4 41.Qg3 
Ng4 42.Rdc1 Kg7 43.h3 Ne3 44.Bd3 Rd4 45.Re5 Re6 46.Qxe3 Rxd3 47.Rxe6 Rxe3 
48.Rxe8 Rxe8 49.b6 a5 50.b7 Rb8 51.Rc7 Kf6 52.h4 Ke6 53.g4 f5 54.h5 Kd6 
55.Rg7 gxh5 56.gxh5 Rh8 57.Kg2 Kc5 58.h6 Kb4 59.h7 Rb8 60.Rg8 Rxb7 61.h8=Q
Kxa4 62.Qa1+ Kb5 63.Qb2+ Ka6 64.Ra8+ 1-0

[Event "zonal 3.3 (w)"]
[Site "Ho Chi Minh City VIE"]
[Date "2009.07.23"]
[Round "1"]
[White "Le Hoang Tran Chau"]
[Black "Le Thanh Tu"]
[Result "1/2-1/2"]
[WhiteElo "2073"]
[BlackElo "2310"]
[EventDate "2009.07.23"]
[PlyCount "126"]

1.d4 c5 2.dxc5 e6 3.Nf3 Bxc5 4.e3 Nf6 5.b3 O-O 6.Be2 d5 7.O-O Nc6 8.Bb2 
Qe7 9.c4 Rd8 10.Nbd2 e5 11.cxd5 Nxd5 12.Qc2 Bg4 13.Bb5 Bxf3 14.Nxf3 e4 15.
Bxc6 exf3 16.Bxd5 Rxd5 17.gxf3 Rh5 18.Qe4 Qg5+ 19.Qg4 Qh6 20.f4 Bf8 21.Qg3
Re8 22.Kh1 Re6 23.f5 Rxf5 24.f4 Rd5 25.Rad1 Qh5 26.Rd4 Rxd4 27.Bxd4 Qe2 
28.Qg2 Qa6 29.f5 Re8 30.Rg1 f6 31.Rc1 Qa5 32.e4 Qa3 33.Rc2 Qe7 34.Re2 b6 
35.h4 Qd6 36.Bc3 Qc6 37.Bb2 Rd8 38.e5 Qxg2+ 39.Kxg2 fxe5 40.Bxe5 Kf7 41.
Rc2 Rd7 42.Kf3 Be7 43.h5 Bf6 44.Bf4 h6 45.Rc7 Ke7 46.Rxd7+ Kxd7 47.Ke4 Kc6
48.Be5 Kc5 49.a3 a6 50.Bf4 Kc6 51.b4 Kb5 52.Kd5 a5 53.bxa5 bxa5 54.Bd6 a4 
55.Bf8 Bb2 56.Ke6 Kc4 57.Kf7 Kb3 58.Bxg7 Bxa3 59.Kg6 Bb4 60.f6 a3 61.f7 a2
62.Kxh6 Kc4 63.Ba1 Kd5 1/2-1/2

[Event "zonal 3.3 (w)"]
[Site "Ho Chi Minh City VIE"]
[Date "2009.07.23"]
[Round "1"]
[White "Nguyen Quynh Anh"]
[Black "Batkhuyag, Munguntuul"]
[Result "1/2-1/2"]
[WhiteElo "2102"]
[BlackElo "2412"]
[EventDate "2009.07.23"]
[PlyCount "216"]

1.e4 c5 2.Nf3 d6 3.d4 cxd4 4.Nxd4 Nf6 5.Nc3 a6 6.Be2 e5 7.Nb3 Be7 8.O-O 
O-O 9.f4 b5 10.a3 Bb7 11.Bf3 Nbd7 12.Qe2 Rc8 13.Be3 exf4 14.Bxf4 Ne5 15.
Rad1 Nc4 16.Bc1 Nd7 17.Nd5 Bxd5 18.Rxd5 Bf6 19.c3 Be5 20.Bg4 Rc7 21.Rd3 
Re8 22.Rh3 Qa8 23.Bf3 Nf8 24.Qf2 Qa7 25.Qxa7 Rxa7 26.Nd2 Nb6 27.Bd1 Bf6 
28.Rd3 Rd7 29.Bf3 Ne6 30.Nb3 Nc4 31.Rfd1 Rde7 32.Nd2 Be5 33.Nxc4 bxc4 34.
Rd5 Rb7 35.Ra5 Nc5 36.Be2 Rb5 37.Rxb5 axb5 38.Bf3 Nd3 39.Be2 Nxc1 40.Rxc1 
Bf4 41.Rf1 Rxe4 42.Bf3 Be3+ 43.Kh1 Re5 44.Rd1 Bc5 45.Bc6 Kf8 46.Bxb5 Bxa3 
47.Bxc4 Bxb2 48.g3 Ke7 49.Rb1 Rc5 50.Ba2 Bxc3 51.Rb7+ Kf6 52.Rxf7+ Kg5 53.
Be6 Bf6 54.Rd7 Be5 55.Rf7 Rc3 56.Kg2 Bf6 57.Rd7 Rd3 58.h4+ Kh6 59.Bf5 Rd2+
60.Kh3 Be5 61.Rf7 Ra2 62.Be4 Re2 63.Bg2 Bf6 64.Bf3 Rf2 65.Be4 Ra2 66.Rd7 
Be5 67.Rf7 Ra3 68.Rf3 Ra4 69.Bc6 Rc4 70.Be8 Rc2 71.Ba4 Rd2 72.Be8 g6 73.
Bf7 d5 74.Bg8 Kg7 75.Be6 d4 76.Bc4 Rc2 77.Bd5 Rc3 78.Kg2 Rc2+ 79.Kf1 Bf6 
80.Rd3 h5 81.Bf3 Rh2 82.Bg2 Bxh4 83.Kg1 Bxg3 84.Rxg3 Rh4 85.Kf2 Rf4+ 86.
Ke2 Kh6 87.Kd3 g5 88.Be4 h4 89.Rg1 g4 90.Kxd4 Kg5 91.Ke3 h3 92.Rc1 Rf8 93.
Rc5+ Kh4 94.Rf5 Re8 95.Kf4 Rxe4+ 96.Kxe4 h2 97.Rf1 g3 98.Kf3 Kh3 99.Ra1 g2
100.Ra6 g1=N+ 101.Kf2 h1=Q 102.Rh6+ Kg4 103.Rxh1 Nh3+ 104.Ke3 Ng5 105.Rb1 
Kf5 106.Rb4 Ne6 107.Rb5+ Kf6 108.Ke4 Ng5+ 1/2-1/2

[Event "zonal 3.3 (w)"]
[Site "Ho Chi Minh City VIE"]
[Date "2009.07.23"]
[Round "1"]
[White "Enkhtuul, Altanulzii"]
[Black "Le Kieu Thien Kim"]
[Result "1-0"]
[WhiteElo "2051"]
[BlackElo "2250"]
[EventDate "2009.07.23"]
[PlyCount "73"]

1.b4 e5 2.Bb2 f6 3.e4 Bxb4 4.Bc4 Ne7 5.Qh5+ g6 6.Qh4 d5 7.exd5 Nf5 8.Bb5+ 
c6 9.Qxb4 cxb5 10.Qxb5+ Nd7 11.Nf3 a6 12.Qb4 a5 13.Qb5 O-O 14.O-O b6 15.
Qe2 Nc5 16.Nc3 Re8 17.d3 Ba6 18.Ne4 Nxe4 19.Qxe4 Nd6 20.Qh4 Rc8 21.Rac1 b5
22.Nd2 b4 23.Rfe1 Nf5 24.Qe4 Rc5 25.f4 Rxd5 26.fxe5 fxe5 27.Nf3 Bb7 28.Qe2
Rc5 29.Qf2 Nd4 30.Nxd4 exd4 31.Rxe8+ Qxe8 32.Qxd4 Qe7 33.Qh8+ Kf7 34.Rf1+ 
Rf5 35.Qxh7+ Kf8 36.Qh8+ Kf7 37.Qg7+ 1-0

[Event "zonal 3.3 (w)"]
[Site "Ho Chi Minh City VIE"]
[Date "2009.07.23"]
[Round "1"]
[White "Nguyen Thi Tuong Van"]
[Black "Ton Nu Hong An"]
[Result "1-0"]
[WhiteElo "2246"]
[BlackElo "2046"]
[EventDate "2009.07.23"]
[PlyCount "49"]

1.e4 g6 2.d4 Bg7 3.Nc3 d6 4.Nf3 Nf6 5.Be2 O-O 6.O-O Nbd7 7.Bg5 c5 8.e5 
dxe5 9.dxe5 Ng4 10.Nd5 Re8 11.Re1 h6 12.Bh4 Ngxe5 13.Nxe5 Bxe5 14.Bb5 f6 
15.Rxe5 fxe5 16.Qd3 Kg7 17.Qe4 Nf6 18.Bxf6+ exf6 19.Bxe8 Bf5 20.Qf3 Rb8 
21.Bb5 e4 22.Qg3 a6 23.Ne3 Be6 24.Rd1 Qc8 25.Bc4 1-0

[Event "zonal 3.3 (w)"]
[Site "Ho Chi Minh City VIE"]
[Date "2009.07.23"]
[Round "1"]
[White "Nguyen Thi Diem Huong"]
[Black "Nguyen Thi Mai Hung"]
[Result "0-1"]
[WhiteElo "2007"]
[BlackElo "2219"]
[EventDate "2009.07.23"]
[PlyCount "164"]

1.e4 c5 2.Nf3 d6 3.d4 cxd4 4.Nxd4 Nf6 5.Nc3 a6 6.Be2 e5 7.Nb3 Be7 8.O-O 
O-O 9.Be3 Be6 10.Qd2 Nc6 11.f3 b5 12.Nd5 Rc8 13.a4 Rb8 14.axb5 axb5 15.Ra6
Nxd5 16.Rxc6 Nxe3 17.Qxe3 Qd7 18.Ra6 Rfc8 19.Qd3 Qc7 20.Na1 Qb7 21.Ra3 b4 
22.Ra4 Bc4 23.Qd2 Qb5 24.Bxc4 Qxa4 25.Qd5 Qa7+ 26.Kh1 Bg5 27.Nb3 Qc7 28.
Ba6 Rd8 29.Bd3 Ra8 30.g3 Be3 31.f4 h6 32.f5 Bg5 33.h4 Bf6 34.Nd2 Qc5 35.
Nc4 Qxd5 36.exd5 Ra2 37.b3 Be7 38.Nb6 Ra5 39.Be4 Rb8 40.Na4 Bd8 41.Kg2 Bb6
42.h5 Bd4 43.Rd1 Kf8 44.Kh3 Ke7 45.Kg4 Kf6 46.Rf1 Rc8 47.Rf3 Ra7 48.Rf1 
Rac7 49.Rc1 Rf8 50.Rf1 Rcc8 51.Kh4 Ke7 52.Rf3 Rg8 53.g4 Kf6 54.Rf1 Rc7 55.
Rd1 Rgc8 56.Rd2 Ra8 57.Re2 Ra5 58.Kg3 Kg5 59.Kf3 Rc8 60.Rd2 Rf8 61.Kg3 
Rfa8 62.Re2 Rb8 63.Rd2 Kf6 64.Kf3 Ke7 65.Rd1 Rbb5 66.Rd3 Rxd5 67.Bxd5 Rxd5
68.c3 bxc3 69.Nxc3 Rc5 70.Ne2 d5 71.Kg3 Bb2 72.b4 Rc2 73.Kf2 Kd6 74.Ke1 e4
75.Rb3 d4 76.b5 d3 77.Ng3 Kd5 78.Kd1 Be5 79.Nf1 Bf4 80.Rb1 e3 81.Nxe3+ 
Bxe3 82.b6 Rh2 0-1

[Event "zonal 3.3 (w)"]
[Site "Ho Chi Minh City VIE"]
[Date "2009.07.23"]
[Round "1"]
[White "Le Thi Phuong Lien"]
[Black "Nguyen Thi Hanh"]
[Result "1-0"]
[WhiteElo "2216"]
[BlackElo "1975"]
[EventDate "2009.07.23"]
[PlyCount "56"]

1.e4 d5 2.exd5 Qxd5 3.Nc3 Qa5 4.d4 Nf6 5.Nf3 Ne4 6.Bd3 Nxc3 7.bxc3 g6 8.
O-O Bg7 9.Bd2 Bf5 10.c4 Qa6 11.Bxf5 gxf5 12.Qe2 e6 13.Rae1 O-O 14.d5 Nd7 
15.dxe6 fxe6 16.Qxe6+ Qxe6 17.Rxe6 Bf6 18.Bf4 Kf7 19.Ree1 Rac8 20.g3 Nb6 
21.Rb1 c5 22.a4 Bc3 23.Rb5 Bb4 24.a5 Nxc4 25.Rxb7+ Kg8 26.a6 Ba5 27.Rxa7 
Bb6 28.Rb7 Ra8 1-0

[Event "zonal 3.3 (w)"]
[Site "Ho Chi Minh City VIE"]
[Date "2009.07.23"]
[Round "1"]
[White "Luong Nhat Linh"]
[Black "Cua, Sherily"]
[Result "1-0"]
[WhiteElo "1952"]
[BlackElo "2174"]
[EventDate "2009.07.23"]
[PlyCount "131"]

1.c4 e6 2.Nc3 d5 3.d4 Nf6 4.Bf4 c6 5.c5 Nbd7 6.Nf3 Be7 7.h3 O-O 8.e3 Re8 
9.Bd3 Nf8 10.O-O N6d7 11.b4 Ng6 12.Qc2 Bf6 13.Bxg6 hxg6 14.b5 e5 15.Bh2 
Qa5 16.Rac1 exd4 17.exd4 Nf8 18.Qb3 g5 19.Rfe1 Ne6 20.Rb1 Bd7 21.bxc6 bxc6
22.Ne2 Bc8 23.Ng3 Ba6 24.Nf5 Nxd4 25.N5xd4 Bxd4 26.Rxe8+ Rxe8 27.Bg3 Bxc5 
28.Nxg5 Re1+ 29.Kh2 Re8 30.Qc2 g6 31.Qb2 Be7 32.Nf3 Bf8 33.Qf6 Bg7 34.Qxc6
Rc8 35.Qd7 Qxa2 36.Re1 Rf8 37.Bd6 Bc8 38.Qc7 Be6 39.Bxf8 Bxf8 40.Kg1 Qa4 
41.Ng5 Bd7 42.Rb1 Qc6 43.Qxa7 Bc5 44.Qa1 d4 45.Nf3 Qd5 46.Rb8+ Kg7 47.Qa8 
Bc6 48.Rg8+ Kf6 49.Qd8+ Qxd8 50.Rxd8 Ke7 51.Rb8 Be4 52.Kf1 Kf6 53.Ke1 Bxf3
54.gxf3 Bd6 55.Rb7 Ke6 56.Kd2 f6 57.Kd3 Ke5 58.h4 Kf4 59.Rg7 Kf5 60.Kxd4 
Be5+ 61.Ke3 Bf4+ 62.Kd3 Be5 63.Ke2 Bf4 64.Rb7 Be5 65.Rb5 Kf4 66.Rb4+ 1-0

[Event "zonal 3.3 (w)"]
[Site "Ho Chi Minh City VIE"]
[Date "2009.07.23"]
[Round "1"]
[White "Cua, Shercila"]
[Black "Aulia, Medina Warda"]
[Result "0-1"]
[WhiteElo "2167"]
[BlackElo "1945"]
[EventDate "2009.07.23"]
[PlyCount "170"]

1.d4 d5 2.Nf3 Nf6 3.c4 c6 4.Nbd2 Bf5 5.g3 h6 6.Bg2 e6 7.O-O Be7 8.b3 O-O 
9.Ne5 Nbd7 10.Bb2 Rc8 11.Rc1 Qa5 12.a3 Rfd8 13.b4 Qb6 14.Nxd7 Rxd7 15.Qb3 
Rdd8 16.Rfe1 a5 17.Bc3 axb4 18.axb4 Ra8 19.Ra1 Qc7 20.c5 b6 21.Qb2 Qb7 22.
Rxa8 Rxa8 23.Ra1 Nd7 24.Ra3 Kh7 25.Rxa8 Qxa8 26.e4 Bg6 27.f4 Qa4 28.Qc1 
bxc5 29.bxc5 dxe4 30.Nxe4 e5 31.fxe5 Nxe5 32.Nf2 Bg5 33.Qa1 Qc2 34.dxe5 
Be3 35.Be1 Qxc5 36.Bf3 Bd4 37.Qa4 Qxe5 38.Kg2 c5 39.Bd2 Qe6 40.Qc6 Qa2 41.
Be1 Qb1 42.Qe8 Qc1 43.Qe2 c4 44.Qd2 Qa1 45.Ne4 Be5 46.Nc3 Qa3 47.Nd5 Qc5 
48.Bf2 Qa3 49.Bd4 Bxd4 50.Qxd4 Qb3 51.Qd2 Qb1 52.Nc3 Qb4 53.Bd5 Qb3 54.Ne2
Qb5 55.Nf4 Bf5 56.h4 g5 57.hxg5 hxg5 58.Ne2 f6 59.Qd4 c3 60.Nxc3 Qb2+ 61.
Kg1 Qa1+ 62.Kf2 Qb2+ 63.Ne2 Qxd4+ 64.Nxd4 Bd7 65.Be6 Ba4 66.Nf5 Bd1 67.Ke3
Bg4 68.Kd4 Kg6 69.Ke4 Kh7 70.Nd4 Bh5 71.Kd5 Kg6 72.Bf5+ Kf7 73.Kd6 Bd1 74.
Nc6 Bb3 75.Nd8+ Ke8 76.Ne6 Kf7 77.Nd8+ Ke8 78.Be6 Bc2 79.Nf7 Kf8 80.Nh6 
Ke8 81.Bf7+ Kf8 82.Ke6 Kg7 83.Nf5+ Bxf5+ 84.Kxf5 Kxf7 85.g4 Ke7 0-1

[Event "zonal 3.3 (w)"]
[Site "Ho Chi Minh City VIE"]
[Date "2009.07.23"]
[Round "1"]
[White "Citra, Dewi Andhiani Anastasia"]
[Black "Lkhamsuren, Uuganbayar"]
[Result "0-1"]
[WhiteElo "1923"]
[BlackElo "2144"]
[EventDate "2009.07.23"]
[PlyCount "62"]

1.e4 e6 2.d4 d5 3.Nd2 Nf6 4.e5 Nfd7 5.c3 c5 6.Bd3 Nc6 7.Ne2 cxd4 8.cxd4 f6
9.exf6 Nxf6 10.O-O Bd6 11.Nf3 O-O 12.Nc3 Qe8 13.Re1 Qh5 14.Be2 Bd7 15.Ne5 
Qh4 16.g3 Qxd4 17.Nxd7 Nxd7 18.Qxd4 Nxd4 19.Bg4 Ne5 20.Rd1 Nxg4 21.Rxd4 
Nxf2 22.Be3 Bc5 23.Bxf2 Rxf2 24.Kxf2 Bxd4+ 25.Ke2 Rf8 26.Kd3 Bb6 27.Re1 
Rf3+ 28.Kc2 Kf7 29.Re2 d4 30.Ne4 d3+ 31.Kd2 Ba5+ 0-1

[Event "zonal 3.3 (w)"]
[Site "Ho Chi Minh City VIE"]
[Date "2009.07.23"]
[Round "1"]
[White "Hoang Thi Nhu Y"]
[Black "Chan Wei Yi, Victoria"]
[Result "1-0"]
[WhiteElo "2119"]
[BlackElo "1912"]
[EventDate "2009.07.23"]
[PlyCount "115"]

1.c4 Nf6 2.Nc3 d5 3.cxd5 Nxd5 4.d4 g6 5.Nf3 Bg7 6.Qb3 Nxc3 7.bxc3 O-O 8.e3
c5 9.Be2 Nc6 10.O-O Na5 11.Qb5 cxd4 12.cxd4 Bd7 13.Qg5 Rc8 14.Ba3 Re8 15.
Rac1 Bf6 16.Rxc8 Bxc8 17.Qb5 Bd7 18.Qb1 Qb8 19.Bb5 Bc6 20.e4 a6 21.Bxc6 
Nxc6 22.e5 Bg7 23.Qe4 Qc7 24.Bc5 Nd8 25.Rb1 b5 26.a4 bxa4 27.Qa8 Qc6 28.
Rb8 Qxa8 29.Rxa8 Kf8 30.Rxa6 Ne6 31.Rxa4 f6 32.Ba3 fxe5 33.dxe5 Kf7 34.Ra7
Bf8 35.g3 Rc8 36.Kg2 h6 37.h4 Rc7 38.Rxc7 Nxc7 39.Nd4 Bg7 40.f4 g5 41.Kf3 
gxh4 42.gxh4 h5 43.Nc6 Bf8 44.f5 Nd5 45.Nd8+ Ke8 46.Ne6 Bh6 47.Bc5 Kf7 48.
Bd4 Bd2 49.Ke4 Nb4 50.Be3 Be1 51.Bg5 Bc3 52.Nf4 Nc6 53.e6+ Ke8 54.Nxh5 Bb2
55.Nf4 Kf8 56.Ng6+ Ke8 57.h5 Bc3 58.h6 1-0

[Event "zonal 3.3 (w)"]
[Site "Ho Chi Minh City VIE"]
[Date "2009.07.23"]
[Round "1"]
[White "Tran Le Dan Thuy"]
[Black "Pham Bich Ngoc"]
[Result "0-1"]
[WhiteElo "1780"]
[BlackElo "2105"]
[EventDate "2009.07.23"]
[PlyCount "74"]

1.e4 c5 2.Nf3 Nc6 3.d4 cxd4 4.Nxd4 g6 5.Nc3 Bg7 6.Be3 Nf6 7.Bc4 O-O 8.O-O 
d6 9.h3 Bd7 10.f4 Rc8 11.Bb3 Qc7 12.f5 Ne5 13.Ndb5 Bxb5 14.Nxb5 Qa5 15.
Nxa7 Ra8 16.Qd4 Nfd7 17.Qa4 Qxa4 18.Bxa4 Nc4 19.Bf2 Nc5 20.Bb3 Bxb2 21.
Rad1 Na3 22.Bxc5 dxc5 23.Rd7 c4 24.Bxc4 Nxc4 25.Nb5 Bf6 26.Rc7 Nd2 27.Re1 
Rxa2 28.e5 Bh4 29.Rc1 gxf5 30.Nd4 e6 31.Rxb7 Bg3 32.Rb5 Rfa8 33.Nb3 Nxb3 
34.Rxb3 Bxe5 35.c4 Ra1 36.Rcb1 Rxb1+ 37.Rxb1 Ra1 0-1

[Event "zonal 3.3 (w)"]
[Site "Ho Chi Minh City VIE"]
[Date "2009.07.23"]
[Round "2"]
[White "Le Thanh Tu"]
[Black "Nguyen Thi Thanh An"]
[Result "1/2-1/2"]
[WhiteElo "2310"]
[BlackElo "2330"]
[EventDate "2009.07.23"]
[PlyCount "28"]

1.d4 Nf6 2.c4 g6 3.Nc3 Bg7 4.e4 d6 5.Be2 O-O 6.Bg5 c5 7.d5 e6 8.Nf3 exd5 
9.exd5 Bf5 10.O-O Qb6 11.Na4 Qc7 12.Nc3 Qb6 13.Na4 Qc7 14.Nc3 Qb6 1/2-1/2

[Event "zonal 3.3 (w)"]
[Site "Ho Chi Minh City VIE"]
[Date "2009.07.23"]
[Round "2"]
[White "Pham Bich Ngoc"]
[Black "Kharisma Sukandar, Irine"]
[Result "1-0"]
[WhiteElo "2105"]
[BlackElo "2311"]
[EventDate "2009.07.23"]
[PlyCount "115"]

1.c4 e5 2.g3 Nf6 3.Bg2 d5 4.cxd5 Nxd5 5.Nf3 Nc6 6.O-O Nb6 7.d3 Be7 8.a3 
O-O 9.b4 Be6 10.Bb2 f6 11.Nbd2 a6 12.Qc2 Qd7 13.Rfd1 Rfd8 14.Ne4 Bd5 15.
Nc5 Bxc5 16.bxc5 Nc8 17.e4 Bf7 18.d4 exd4 19.Nxd4 N8e7 20.e5 Bd5 21.exf6 
gxf6 22.Bxd5+ Qxd5 23.Nb5 Qf7 24.Nxc7 Rac8 25.Rxd8+ Nxd8 26.Rd1 Ndc6 27.
Rd7 Nb8 28.Rxe7 Qxe7 29.Nd5 Qe1+ 30.Kg2 Nd7 31.Qf5 Re8 32.Qxd7 Qe4+ 33.f3 
Qe2+ 34.Kh3 Qe6+ 35.Qxe6+ Rxe6 36.Nxf6+ Kf7 37.Ne4 Rc6 38.Nd6+ Ke6 39.Nxb7
Kd5 40.Bc3 Rh6+ 41.Kg2 Kc6 42.Na5+ Kxc5 43.g4 Kd5 44.Kg3 Rb6 45.Bb4 Kd4 
46.h4 Rf6 47.g5 Rf7 48.Kg4 Ke5 49.Nc4+ Ke6 50.f4 Kd5 51.Ne5 Ra7 52.h5 a5 
53.Bc3 Ke4 54.g6 hxg6 55.hxg6 Rc7 56.Nf7 Rxc3 57.g7 Rc1 58.Ng5+ 1-0

[Event "zonal 3.3 (w)"]
[Site "Ho Chi Minh City VIE"]
[Date "2009.07.23"]
[Round "2"]
[White "Pham Le Thao Nguyen"]
[Black "Le Hoang Tran Chau"]
[Result "1-0"]
[WhiteElo "2314"]
[BlackElo "2073"]
[EventDate "2009.07.23"]
[PlyCount "59"]

1.d4 b6 2.e4 e6 3.g3 Bb7 4.Bg2 f5 5.Nc3 Bb4 6.Qh5+ g6 7.Qe2 Nc6 8.d5 Nd4 
9.Qd3 c5 10.exf5 Nxf5 11.Ne2 Qf6 12.O-O Bxc3 13.Nxc3 O-O-O 14.dxe6 Bxg2 
15.Kxg2 Qxe6 16.Bf4 Qc6+ 17.f3 h5 18.a4 Nf6 19.a5 c4 20.Qd2 b5 21.a6 d5 
22.Ra5 Rde8 23.Rxb5 d4 24.Rb8+ Kd7 25.Rb7+ Kc8 26.Nb5 Qxa6 27.Rc7+ Kd8 28.
Nxd4 Ne3+ 29.Kg1 Nfd5 30.Nc6+ 1-0

[Event "zonal 3.3 (w)"]
[Site "Ho Chi Minh City VIE"]
[Date "2009.07.23"]
[Round "2"]
[White "Batkhuyag, Munguntuul"]
[Black "Pham Thi Ngoc Tu"]
[Result "1/2-1/2"]
[WhiteElo "2412"]
[BlackElo "2089"]
[EventDate "2009.07.23"]
[PlyCount "100"]

1.e4 e6 2.d4 d5 3.Nd2 Nf6 4.e5 Nfd7 5.f4 c5 6.c3 Nc6 7.Ndf3 Qb6 8.h4 cxd4 
9.cxd4 Bb4+ 10.Kf2 f6 11.Kg3 Be7 12.Bd3 O-O 13.Nh3 f5 14.Bc2 Nd8 15.h5 Nf7
16.Nf2 Nh6 17.Kh3 Nb8 18.a3 a5 19.b3 Nc6 20.Be3 Bd7 21.g3 Rac8 22.Kg2 Na7 
23.Qd3 Bb5 24.Qd2 Rc7 25.Nd3 Ng4 26.Bg1 Bxd3 27.Qxd3 Rfc8 28.Ne1 Nb5 29.
Bd1 Nh6 30.a4 Nc3 31.Bf2 Ne4 32.Qb5 Qxb5 33.axb5 b6 34.Nd3 Nc3 35.Nb2 Nxb5
36.Na4 Rc6 37.Be2 Nc3 38.Ba6 R8c7 39.Rhc1 Nxa4 40.Rxc6 Rxc6 41.bxa4 Rc2 
42.Kg1 Ng4 43.Be1 Kf7 44.Bd3 Rc6 45.Rb1 Ne3 46.Bb5 Rc7 47.Bd3 Rc6 48.Bb5 
Rc7 49.Bd3 Rc6 50.Bb5 Rc7 1/2-1/2

[Event "zonal 3.3 (w)"]
[Site "Ho Chi Minh City VIE"]
[Date "2009.07.23"]
[Round "2"]
[White "Ton Nu Hong An"]
[Black "Hoang Thi Bao Tram"]
[Result "0-1"]
[WhiteElo "2046"]
[BlackElo "2274"]
[EventDate "2009.07.23"]
[PlyCount "46"]

1.e4 c6 2.d4 d5 3.Nc3 dxe4 4.Nxe4 Nd7 5.Ng5 Ngf6 6.Bc4 e6 7.Qe2 Nb6 8.Bd3 
Nbd5 9.N1f3 Bb4+ 10.c3 Nxc3 11.bxc3 Bxc3+ 12.Bd2 Bxa1 13.O-O Bxd4 14.Nxf7 
Kxf7 15.Ng5+ Kf8 16.Bc4 Qd6 17.g3 Bd7 18.Bf4 e5 19.Nf7 Qc5 20.Bg5 Rg8 21.
Bb3 Bg4 22.Qd3 Qc3 23.Qb1 Bh3 0-1

[Event "zonal 3.3 (w)"]
[Site "Ho Chi Minh City VIE"]
[Date "2009.07.23"]
[Round "2"]
[White "Vo Thi Kim Phung"]
[Black "Nguyen Thi Tuong Van"]
[Result "0-1"]
[WhiteElo "2073"]
[BlackElo "2246"]
[EventDate "2009.07.23"]
[PlyCount "126"]

1.d4 d5 2.Nf3 Nf6 3.c4 c6 4.Nc3 e6 5.cxd5 exd5 6.Bg5 Be7 7.Qc2 g6 8.e3 Bf5
9.Qb3 Qb6 10.Nd2 Nbd7 11.f3 h6 12.Bf4 g5 13.Bg3 O-O 14.Bf2 Rfe8 15.Be2 
Qxb3 16.Nxb3 a5 17.a4 Bb4 18.O-O Bc2 19.Nc1 Nb6 20.Bd3 Bxd3 21.Nxd3 Nc4 
22.Nd1 Nd2 23.Nxb4 Nxf1 24.Nxd5 Nxd5 25.Kxf1 f5 26.Rc1 Re6 27.g3 Kf7 28.h3
Rae8 29.Ke2 Nxe3 30.Bxe3 f4 31.Rc3 Kg6 32.Kf2 fxe3+ 33.Nxe3 Rd6 34.Nc2 b6 
35.Ne3 Rf8 36.Ng4 Rc8 37.Ne5+ Kf5 38.g4+ Ke6 39.Nc4 Rxd4 40.Nxb6 Rc7 41.b3
Kf7 42.Nc4 Rd5 43.Ne3 Rd2+ 44.Kg3 Re7 45.f4 Red7 46.Rxc6 R2d3 47.Kf2 gxf4 
48.Nc4 R7d5 49.Rxh6 Rxb3 50.h4 Rc5 51.Rc6 Rxc6 52.Ne5+ Ke6 53.Nxc6 Kd5 54.
Nxa5 Rb4 55.h5 Rxa4 56.Nb3 Ra3 57.Nc1 Ke4 58.h6 Rh3 59.g5 Kf5 60.Ne2 Kxg5 
61.h7 Rxh7 62.Kf3 Rh3+ 63.Kg2 f3+ 0-1

[Event "zonal 3.3 (w)"]
[Site "Ho Chi Minh City VIE"]
[Date "2009.07.23"]
[Round "2"]
[White "Nguyen Thi Mai Hung"]
[Black "Enkhtuul, Altanulzii"]
[Result "1/2-1/2"]
[WhiteElo "2219"]
[BlackElo "2051"]
[EventDate "2009.07.23"]
[PlyCount "60"]

1.d4 Nf6 2.c4 c5 3.d5 b5 4.cxb5 a6 5.bxa6 Bxa6 6.Nc3 g6 7.Nf3 d6 8.e4 Bxf1
9.Kxf1 Qc8 10.h3 Bg7 11.Kg1 O-O 12.Kh2 Nbd7 13.Qc2 Qb7 14.Be3 Rfb8 15.Rab1
Ne8 16.b3 Bxc3 17.Qxc3 Rxa2 18.Rhc1 Nef6 19.Nd2 Qb4 20.f3 Qxc3 21.Rxc3 Kg7
22.Rc4 Nb6 23.Rcc1 Nbd7 24.Ra1 Rba8 25.Rxa2 Rxa2 26.Nc4 Ne8 27.Bd2 Nc7 28.
Ra1 Rxa1 29.Bc3+ Kf8 30.Bxa1 Nb5 1/2-1/2

[Event "zonal 3.3 (w)"]
[Site "Ho Chi Minh City VIE"]
[Date "2009.07.23"]
[Round "2"]
[White "Le Kieu Thien Kim"]
[Black "Nguyen Thi Diem Huong"]
[Result "1-0"]
[WhiteElo "2250"]
[BlackElo "2007"]
[EventDate "2009.07.23"]
[PlyCount "71"]

1.d4 d5 2.Nf3 Nf6 3.e3 c5 4.Nbd2 e6 5.b3 Nc6 6.Bb2 Bd6 7.a3 O-O 8.Bd3 Re8 
9.Ne5 Bxe5 10.dxe5 Nd7 11.f4 c4 12.Be2 Qb6 13.Nf1 Nc5 14.Bd4 cxb3 15.Bxc5 
Qxc5 16.cxb3 Qc3+ 17.Kf2 Rd8 18.Bd3 Na5 19.Rb1 f6 20.exf6 Qxf6 21.Ng3 d4 
22.Qh5 dxe3+ 23.Ke2 Nc6 24.Qxh7+ Kf8 25.Nh5 Qc3 26.Rhd1 b6 27.b4 Bb7 28.
Kf1 Rd5 29.Rbc1 Qb2 30.Rc2 Qd4 31.Be2 Rxh5 32.Qxh5 Qxf4+ 33.Qf3 Qxf3+ 34.
Bxf3 Rc8 35.Rdc1 e2+ 36.Ke1 1-0

[Event "zonal 3.3 (w)"]
[Site "Ho Chi Minh City VIE"]
[Date "2009.07.23"]
[Round "2"]
[White "Aulia, Medina Warda"]
[Black "Le Thi Phuong Lien"]
[Result "0-1"]
[WhiteElo "1945"]
[BlackElo "2216"]
[EventDate "2009.07.23"]
[PlyCount "100"]

1.e4 c5 2.Nf3 e6 3.d4 cxd4 4.Nxd4 a6 5.Nc3 Qc7 6.Be2 Nf6 7.O-O b5 8.a3 Bb7
9.f3 Be7 10.Be3 O-O 11.Kh1 d5 12.exd5 Nxd5 13.Nxd5 Bxd5 14.c3 Nd7 15.Qe1 
Nb6 16.f4 Bc4 17.Rd1 Rad8 18.Rf2 Bh4 19.g3 Bxe2 20.Qxe2 Bf6 21.Nb3 Rxd1+ 
22.Qxd1 Nc4 23.Bd4 Qc6+ 24.Kg1 Rd8 25.Qc2 a5 26.Qe2 Be7 27.Qc2 a4 28.Nd2 
Nxa3 29.Qd1 Nc4 30.Nxc4 Qxc4 31.Rd2 Rd5 32.Qg4 g6 33.Qd1 Bc5 34.Bxc5 Rxd2 
35.Qxd2 Qxc5+ 36.Kf1 Qd5 37.Qxd5 exd5 38.Ke2 Kf8 39.Kd3 Ke7 40.Kd4 Kd6 41.
g4 f6 42.g5 fxg5 43.fxg5 Kc6 44.h3 Kd6 45.h4 Kc6 46.Ke5 Kc5 47.Kf6 b4 48.
cxb4+ Kxb4 49.Kg7 d4 50.Kxh7 d3 0-1

[Event "zonal 3.3 (w)"]
[Site "Ho Chi Minh City VIE"]
[Date "2009.07.23"]
[Round "2"]
[White "Lkhamsuren, Uuganbayar"]
[Black "Luong Nhat Linh"]
[Result "1/2-1/2"]
[WhiteElo "2144"]
[BlackElo "1952"]
[EventDate "2009.07.23"]
[PlyCount "112"]

1.e4 c5 2.Nf3 b6 3.d4 cxd4 4.Nxd4 Bb7 5.Nc3 a6 6.Be2 e6 7.O-O Qc7 8.Bf3 d6
9.g3 Nf6 10.Bg2 Be7 11.f4 Nbd7 12.Nb3 O-O 13.Be3 Rac8 14.Qe2 Qb8 15.Rad1 
Bd8 16.a4 Bc7 17.Rd2 Qa8 18.Bf2 Rfe8 19.Rfd1 Kh8 20.Be1 Nc5 21.Nxc5 bxc5 
22.h3 Rg8 23.Qe3 Qb8 24.Bf2 Rge8 25.Qd3 Qa8 26.g4 d5 27.e5 c4 28.Qg3 Nd7 
29.Bd4 Qb8 30.Rf1 Bc6 31.Kh1 Rf8 32.Re2 Bb6 33.Bxb6 Qxb6 34.Rb1 d4 35.Ne4 
Bxe4 36.Rxe4 Nc5 37.Rxd4 Nxa4 38.Rd6 Qb5 39.Qa3 a5 40.Kh2 Kg8 41.Ra1 Nxb2 
42.Qxa5 Qe8 43.Qc3 Na4 44.Qb4 Nc5 45.Ra5 Nd7 46.Bc6 Rxc6 47.Rxc6 Nxe5 48.
Rca6 Nc6 49.Qxc4 Nxa5 50.Rxa5 Qd8 51.Re5 Qd2+ 52.Re2 Qd7 53.Qe4 Rc8 54.c4 
Qc7 55.Rc2 Qc5 56.Kg2 h6 1/2-1/2